00636nam a22001937a 450000500170000001000150001702000260003203500130005803700130007108200130008410000160009724501530011325000120026626000430027827000580032130000260037950000200040570000170042520150622143521.0 aENG-112867 c595.00a9789350354803 aEN-96399 bDBAD/PUB a344.5401 aKumar, H.L. aLabour problems and remedies :cby H.L.Kumar [and] Gaurav Kumar ba ready referencer to handle day-to-day labour problems based on dedicated cases / a12th ed a DelhibUniversal Law Publishingc2014 aA-58 G.T. Karnal Road,Industrial Area,bDelhie110033 alxxx,430p.c25cm(pbk) aIncludes index  aGaurav Kumar